Introduction to mathematical physics : methods & concepts (Record no. 15155)
[ view plain ]
| 000 -LEADER | |
|---|---|
| fixed length control field | 00537 am a2200205 a 4500 |
| 001 - CONTROL NUMBER | |
| control field | 152346 |
| 003 - CONTROL NUMBER IDENTIFIER | |
| control field | OSt |
| 005 - DATE AND TIME OF LATEST TRANSACTION | |
| control field | 20220112150258.0 |
| 008 - FIXED-LENGTH DATA ELEMENTS--GENERAL INFORMATION | |
| fixed length control field | 60206 ### |
| 020 ## - INTERNATIONAL STANDARD BOOK NUMBER | |
| International Standard Book Number | 9780199641390 |
| 082 ## - DEWEY DECIMAL CLASSIFICATION NUMBER | |
| Classification number | 530.15 |
| Item number | W84I |
| 100 1# - MAIN ENTRY--PERSONAL NAME | |
| Personal name | Wong, Chun Wa |
| 245 1# - TITLE STATEMENT | |
| Title | Introduction to mathematical physics : methods & concepts |
| Statement of responsibility, etc | by Chun Wa Wong |
| 250 ## - EDITION STATEMENT | |
| Edition statement | 2nd ed. |
| 260 ## - PUBLICATION, DISTRIBUTION, ETC. (IMPRINT) | |
| Place of publication, distribution, etc | Oxford |
| Name of publisher, distributor, etc | Oxford University Press |
| Date of publication, distribution, etc | 2013 |
| 300 ## - PHYSICAL DESCRIPTION | |
| Extent | 716p. |
| 653 ## - INDEX TERM--UNCONTROLLED | |
| Uncontrolled term | Physics |
| 653 ## - INDEX TERM--UNCONTROLLED | |
| Uncontrolled term | Mathematical physics |
| 942 ## - ADDED ENTRY ELEMENTS (KOHA) | |
| Source of classification or shelving scheme | Dewey Decimal Classification |
| Koha item type | Books |
| Withdrawn status | Lost status | Source of classification or shelving scheme | Damaged status | Not for loan | Collection code | Home library | Current library | Date acquired | Source of acquisition | Total Checkouts | Full call number | Barcode | Date last seen | Date checked out | Price effective from | Koha item type |
|---|---|---|---|---|---|---|---|---|---|---|---|---|---|---|---|---|
| Dewey Decimal Classification | General Text Book | Central University Of Rajasthan | Central University Of Rajasthan | 28/01/2016 | PHY | 1 | 530.15 W84I | 25591 | 21/11/2024 | 28/08/2023 | 02/09/2020 | Books |
